Tradition history and the Old Testament / (Record no. 4143)
[ view plain ]
| 000 -LEADER | |
|---|---|
| fixed length control field | 00852cam a2200277 a 4500 |
| 001 - CONTROL NUMBER | |
| control field | 89989 |
| 003 - CONTROL NUMBER IDENTIFIER | |
| control field | GBCCL |
| 005 - DATE AND TIME OF LATEST TRANSACTION | |
| control field | 20241126110511.0 |
| 008 - FIXED-LENGTH DATA ELEMENTS--GENERAL INFORMATION | |
| fixed length control field | 720121s1972 pau b 000 0 eng |
| 010 ## - | |
| -- | 70171509 |
| 020 ## - INTERNATIONAL STANDARD BOOK NUMBER | |
| International Standard Book Number | 0800614607 |
| 035 ## - SYSTEM CONTROL NUMBER | |
| System control number | (OCoLC)ocm00239965 |
| 040 ## - CATALOGING SOURCE | |
| Original cataloging agency | DLC |
| Transcribing agency | DLC |
| 049 ## - | |
| -- | LBBK |
| -- | LBBT |
| 050 00 - | |
| -- | BS1171.2 |
| -- | .R34 |
| 082 00 - DEWEY DECIMAL CLASSIFICATION NUMBER | |
| Classification number | 221.66 |
| Item number | RAS |
| 090 ## - LOCALLY ASSIGNED LC-TYPE CALL NUMBER (OCLC); LOCAL CALL NUMBER (RLIN) | |
| Classification number (OCLC) (R) ; Classification number, CALL (RLIN) (NR) | BS1171.2 |
| Local cutter number (OCLC) ; Book number/undivided call number, CALL (RLIN) | .R34 |
| 100 1# - MAIN ENTRY--PERSONAL NAME | |
| Personal name | Rast, Walter E., |
| Dates associated with a name | 1930- |
| 9 (RLIN) | 7906 |
| 245 10 - TITLE STATEMENT | |
| Title | Tradition history and the Old Testament / |
| Statement of responsibility, etc. | by Walter E. Rast. |
| 260 ## - PUBLICATION, DISTRIBUTION, ETC. | |
| Place of publication, distribution, etc. | Philadelphia : |
| Name of publisher, distributor, etc. | Fortress Press, |
| Date of publication, distribution, etc. | c1972. |
| 300 ## - PHYSICAL DESCRIPTION | |
| Extent | xiii, 82 p. ; |
| Dimensions | 22 cm. |
| 490 0# - SERIES STATEMENT | |
| Series statement | Guides to Biblical scholarship. Old Testament series. |
| 504 ## - BIBLIOGRAPHY, ETC. NOTE | |
| Bibliography, etc. note | Includes bibliographical references (p. 80-82). |
| 630 00 - SUBJECT ADDED ENTRY--UNIFORM TITLE | |
| Uniform title | Bible. |
| Name of part/section of a work | O.T. |
| General subdivision | Criticism, interpretation, etc. |
| 9 (RLIN) | 1172 |
| 942 ## - ADDED ENTRY ELEMENTS (KOHA) | |
| Source of classification or shelving scheme | Dewey Decimal Classification |
| Koha item type | Books |
| Koha issues (borrowed), all copies | 6 |
| Withdrawn status | Lost status | Source of classification or shelving scheme | Damaged status | Not for loan | Home library | Current Library | Shelving location | Date acquired | Total checkouts | Total renewals | Full call number | Barcode | Date last seen | Date last checked out | Copy number | Price effective from | Koha item type |
|---|---|---|---|---|---|---|---|---|---|---|---|---|---|---|---|---|---|
| Dewey Decimal Classification | GRACE BIBLE COLLEGE | GRACE BIBLE COLLEGE | Biblical Studies | 2018-01-15 | 6 | 1 | 221.66 RAS | 007572 | 2025-05-01 | 2024-02-17 | c.1 | 2018-01-15 | Books |